000 00526cam a2200121 4500
050 _aQ175
_b.I63 1953.
245 1 0 _aScience and freedom;
_bthe proceedings of a conference convened by the Congress for Cultural Freedom and held in Hamburg on July 23rd-26th, 1953.
260 _a[London]
_bPublished for the Congress for Cultural Freedom by M. Secker & Warburg,
_c1955.
300 _a295 p.
500 _a"Condensed record of the transactions of the Hamburg Congress on Science and Freedom."
650 0 _xPhilosophy.
942 _cGEN
999 _c2494
_d2494